<?xml version="1.0" encoding="UTF-8"?>
<marc:record xmlns:marc="http://www.loc.gov/MARC21/slim">
   <marc:leader>00000nam a2200000 a 4500</marc:leader>
   <marc:datafield ind1="1" ind2=" " tag="100">
      <marc:subfield code="a">Brandis, Katja</marc:subfield>
      <marc:subfield code="4">aut</marc:subfield>
      <marc:subfield code="e">Verfasser/-in</marc:subfield>
   </marc:datafield>
   <marc:datafield ind1="1" ind2=" " tag="100">
      <marc:subfield code="a">Carls, Claudia</marc:subfield>
   </marc:datafield>
   <marc:datafield ind1=" " ind2=" " tag="653">
      <marc:subfield code="a">Rocky Mountains</marc:subfield>
   </marc:datafield>
   <marc:datafield ind1=" " ind2=" " tag="653">
      <marc:subfield code="a">Umweltschutz</marc:subfield>
   </marc:datafield>
   <marc:datafield ind1=" " ind2=" " tag="653">
      <marc:subfield code="a">Pumas</marc:subfield>
   </marc:datafield>
   <marc:datafield ind1=" " ind2=" " tag="653">
      <marc:subfield code="a">Bücher für 10-jährige</marc:subfield>
   </marc:datafield>
   <marc:datafield ind1=" " ind2=" " tag="653">
      <marc:subfield code="a">Gestaltwandler</marc:subfield>
   </marc:datafield>
   <marc:datafield ind1=" " ind2=" " tag="653">
      <marc:subfield code="a">Blauer Engel</marc:subfield>
   </marc:datafield>
   <marc:datafield ind1=" " ind2=" " tag="653">
      <marc:subfield code="a">Tierschutz</marc:subfield>
   </marc:datafield>
   <marc:datafield ind1=" " ind2=" " tag="653">
      <marc:subfield code="a">Kinderbuch</marc:subfield>
   </marc:datafield>
   <marc:datafield ind1=" " ind2=" " tag="653">
      <marc:subfield code="a">Fantasy für Kinder</marc:subfield>
   </marc:datafield>
   <marc:datafield ind1=" " ind2=" " tag="653">
      <marc:subfield code="a">Bücher für Lesemuffel</marc:subfield>
   </marc:datafield>
   <marc:datafield ind1=" " ind2=" " tag="653">
      <marc:subfield code="a">Magisches Internat</marc:subfield>
   </marc:datafield>
   <marc:datafield ind1=" " ind2=" " tag="653">
      <marc:subfield code="a">Tierfantasy</marc:subfield>
   </marc:datafield>
   <marc:datafield ind1=" " ind2=" " tag="653">
      <marc:subfield code="a">Abenteuer</marc:subfield>
   </marc:datafield>
   <marc:datafield ind1=" " ind2=" " tag="653">
      <marc:subfield code="a">Yellowstone</marc:subfield>
   </marc:datafield>
   <marc:datafield ind1=" " ind2=" " tag="653">
      <marc:subfield code="a">Nachhaltige Bücher</marc:subfield>
   </marc:datafield>
   <marc:datafield ind1=" " ind2=" " tag="653">
      <marc:subfield code="a">Magie</marc:subfield>
   </marc:datafield>
   <marc:datafield ind1=" " ind2=" " tag="653">
      <marc:subfield code="a">Fantasy Abenteuer</marc:subfield>
   </marc:datafield>
   <marc:datafield ind1=" " ind2=" " tag="653">
      <marc:subfield code="a">Kinderbuch Bestseller</marc:subfield>
   </marc:datafield>
   <marc:datafield ind1=" " ind2=" " tag="653">
      <marc:subfield code="a">magische Schule</marc:subfield>
   </marc:datafield>
   <marc:datafield ind1=" " ind2=" " tag="653">
      <marc:subfield code="a">Fantasyabenteuer</marc:subfield>
   </marc:datafield>
   <marc:datafield ind1=" " ind2=" " tag="653">
      <marc:subfield code="a">Animox</marc:subfield>
   </marc:datafield>
   <marc:datafield ind1=" " ind2=" " tag="653">
      <marc:subfield code="a">Kinderbücher bis 11 Jahre</marc:subfield>
   </marc:datafield>
   <marc:datafield ind1=" " ind2=" " tag="653">
      <marc:subfield code="a">Bücher für Jungs</marc:subfield>
   </marc:datafield>
   <marc:datafield ind1=" " ind2=" " tag="653">
      <marc:subfield code="a">Internat</marc:subfield>
   </marc:datafield>
   <marc:datafield ind1=" " ind2=" " tag="653">
      <marc:subfield code="a">Seawalkers</marc:subfield>
   </marc:datafield>
   <marc:datafield ind1="0" ind2="0" tag="245">
      <marc:subfield code="a">Woodwalkers &#x96; Die Rückkehr (Staffel 2, Band 1). Das Vermächtnis der Wandler</marc:subfield>
   </marc:datafield>
   <marc:datafield ind1="0" ind2="0" tag="245">
      <marc:subfield code="c">Katja Brandis ; Zeichnungen von Claudia Carls</marc:subfield>
   </marc:datafield>
   <marc:datafield ind1=" " ind2="1" tag="264">
      <marc:subfield code="a">Würzburg</marc:subfield>
      <marc:subfield code="b">Arena</marc:subfield>
      <marc:subfield code="c">2022</marc:subfield>
   </marc:datafield>
   <marc:datafield ind1="1" ind2=" " tag="490">
      <marc:subfield code="a">Woodwalkers - die Rückkehr</marc:subfield>
   </marc:datafield>
   <marc:datafield ind1=" " ind2=" " tag="250">
      <marc:subfield code="a">1. Auflage</marc:subfield>
   </marc:datafield>
   <marc:datafield ind1="1" ind2=" " tag="520">
      <marc:subfield code="a">Die Woodwalkers sind zurück! Die Bestsellerreihe von Katja Brandis geht in die zweite Staffel. Auf Puma-Wandler Carag, Wolfsmädchen Tikaani und ihre Freundinnen und Freunde von der Clearwater High warten größere Herausforderungen als je zuvor. #Endlich wieder Schule! Als Carag nach den Sommerferien ins geheime Gestaltwandlerinternat Clearwater High zurückkehrt, erwarten den Pumajungen neben seinen besten Freunden Holly, Brandon &amp; Co. auch jede Menge neue Gesichter. Carags Schwester Mia, die bisher nur als wilder Puma in den Bergen gelebt hat, geht nun in die Erstjahresklasse. Wird sie sich wohlfühlen und mit den anderen klarkommen? Noch dazu wird Carag zum Mentor für den quirligen Hunde-Wandler Terry ernannt - das bedeutet Chaos pur! #Während Carag mit diesen Herausforderungen und dem schwierigen Schulstoff kämpft, erreichen ihn beunruhigende Nachrichten von seinem Erzfeind Andrew Milling, der doch eigentlich im Gefängnis sicher verwahrt sein sollte. Der gefährliche Wandler sucht nach einem Weg, mithilfe einer fast vergessenen Beschwörungsformel seine Menschengestalt zurückzuerlangen, und bekommt dabei Hilfe von außen. Von einer Wandlerin, die keine Skrupel kennt  #Auch im zweiten Schuljahr kommen Tierfantasy-Fans ab 10 Jahren voll auf ihre Kosten: Neue, spannende Gestaltwandler-Charaktere und mitreißende Abenteuer vor der spektakulären Kulisse Nordamerikas machen jeden Band zum garantierten Lesespaß. Die Illustrationen im einzigartigen Stil von Claudia Carls setzen die Geschichten perfekt in Szene. #Gedruckt auf Recycling-Umweltschutzpapier, zertifiziert mit dem Blauen Engel. #Die Woodwalkers- und Seawalkers-Bände erscheinen halbjährlich. #&amp;nbsp; #Bisher erschienen sind: #Woodwalkers, Staffel 1# Woodwalkers (1). Carags Verwandlung# Woodwalkers (2). Gefährliche Freundschaft# Woodwalkers (3). Hollys Geheimnis# Woodwalkers (4). Fremde Wildnis# Woodwalkers (5). Feindliche Spuren# Woodwalkers (6). Tag der Rache #Woodwalkers, Staffel 2# Woodwalkers - Die Rückkehr (1). Das Vermächtnis der Wandler #Woodwalkers Special# Woodwalkers &amp;amp; Friends. Katzige Gefährten# Woodwalkers &amp;amp; Friends. Zwölf Geheimnisse# Woodwalkers &amp;amp; Friends. Wilder Kater, weite Welt #Seawalkers# Seawalkers (1). Gefährliche Gestalten# Seawalkers (2). Rettung für Shari# Seawalkers (3). Wilde Wellen# Seawalkers (4). Ein Riese des Meeres# Seawalkers (5). Filmstars unter Wasser# Seawalkers (6). Im Visier der Python #Alles über die Serie und viele Extras zum Buch unter www.woodwalkers.de</marc:subfield>
   </marc:datafield>
   <marc:datafield ind1=" " ind2=" " tag="020">
      <marc:subfield code="a">9783401606408</marc:subfield>
      <marc:subfield code="9">9783401606408</marc:subfield>
   </marc:datafield>
   <marc:datafield ind1=" " ind2=" " tag="041">
      <marc:subfield code="a">ger</marc:subfield>
   </marc:datafield>
   <marc:datafield ind1=" " ind2=" " tag="300">
      <marc:subfield code="a">323 Seiten, 12 ungez</marc:subfield>
   </marc:datafield>
</marc:record>
